Management Mantras (Record no. 10539)

MARC details
000 -LEADER
fixed length control field 00355nam a22001577a 4500
003 - CONTROL NUMBER IDENTIFIER
control field OSt
008 - FIXED-LENGTH DATA ELEMENTS--GENERAL INFORMATION
fixed length control field 210303b ||||| |||| 00| 0 eng d
020 ## - INTERNATIONAL STANDARD BOOK NUMBER
International Standard Book Number 9788184653091
100 ## - MAIN ENTRY--PERSONAL NAME
Personal name SHANKAR, Ravi
245 ## - TITLE STATEMENT
Title Management Mantras
250 ## - EDITION STATEMENT
Edition statement 1st
260 ## - PUBLICATION, DISTRIBUTION, ETC. (IMPRINT)
Place of publication, distribution, etc New Delhi
Name of publisher, distributor, etc Jaico
Date of publication, distribution, etc 2013
300 ## - PHYSICAL DESCRIPTION
Extent 212
650 ## - SUBJECT ADDED ENTRY--TOPICAL TERM
Topical term or geographic name as entry element General Books
942 ## - ADDED ENTRY ELEMENTS (KOHA)
Source of classification or shelving scheme Dewey Decimal Classification
Koha item type Text Books
942 ## - ADDED ENTRY ELEMENTS (KOHA)
-- 1
Holdings
Withdrawn status Lost status Source of classification or shelving scheme Damaged status Not for loan Collection code Home library Current library Date acquired Source of acquisition Currency Cost, normal purchase price Bill Number Total Checkouts Full call number Acc. no. / Barcode Date last seen Date last borrowed Actual Cost, discounted price Bill Date Koha item type
    Dewey Decimal Classification     IKS- Indian Knowledge System PIET C-LIBRARY PIET C-LIBRARY 03/03/2021 Kirti Prakashan Indian Rup 199.00 IN1743 1 658.21 SHM 32625 16/05/2023 10/05/2023 129.35 01/03/2021 Text Books
    Dewey Decimal Classification     IKS- Indian Knowledge System PIET C-LIBRARY PIET C-LIBRARY 03/03/2021 Kirti Prakashan Indian Rup 199.00 IN1743 3 658.21 SHM 32626 17/09/2025 11/03/2025 129.35 01/03/2021 Text Books
    Dewey Decimal Classification     IKS- Indian Knowledge System PIET C-LIBRARY PIET C-LIBRARY 03/03/2021 Kirti Prakashan Indian Rup 199.00 IN1743 1 658.21 SHM 32627 10/05/2023 26/04/2023 129.35 01/03/2021 Text Books

Design & Developed by: PIET Central Library
R70 Miles Stone Pattikalyana Samalkha Panipat 132102
mail ID :- [email protected], Phone No:- 0180-2569700 Ex.216